000 00732nam a2200253 a 4500
001 67771
003 BD-RjUL
005 20211209081706.0
008 170328s1981 enka b 001 0 eng
020 _a0521240948
020 _a0521284368 (pbk.)
035 _a(BD-RjUL)67980
040 _aDLC
_cDLC
_dBD-RjUL
_beng
041 _aeng
082 0 0 _a535
_223
_bSAT 1981
100 1 _aSabra, A. I.
_9200914
245 1 0 _aTheories of light : from Descartes to Newton /
_cA.I. Sabra.
260 _aCambridge ;
_aNew York :
_bCambridge University Press,
_cc1981.
300 _a365 p. :
_bill. ;
_c24 cm.
504 _aIncludes bibliography index.
650 0 _aLight
_xHistory.
_9200915
942 _2ddc
_cBK
999 _c67771
_d67771